LEADER 01457nam a2200289 4500 001 000000367386 003 CaOOAMICUS 005 20260423122058.0 008 260422s2012 it 000 u ita r 020 $a978-88-97765-04-2 040 $aSeMil$bita 245 00$aProcessi per fede e sortilegi nella Valle D'Aosta del Quattrocento /$cintroduzione, edizione e traduzione di Silvia Bertolin ; prefazione di Grado Giovanni Merlo. 264 1$aAosta :$bTipografia Valdostana,$c2012. 300 $a623 p. ;$c23 cm 490 1 $aÉcrits d'histoire, de littérature et d'art ;$v12 650 4$aValle d'Aosta - Storia religiosa.$0(OLS)http://semarc/subject/51518 650 4$aInquisizione - Valle d'Aosta - Sec. 15.$0(OLS)http://semarc/subject/60078 700 1 $aBertolin, Silvia.$0(OLS)http://semarc/name/124204 700 1 $aMerlo, Grado Giovanni,$d<1945- >.$0(OLS)http://semarc/name/2559 830 0$aÉcrits d'histoire, de littérature et d'art ;$v12.$0(OLS)http://semarc/title/459310 850 $aSeMil 852 $aSeMil$W1$xVenegono$y1$m3D I 29$j270791$B258092$CSeMilBibl$Z2$F258092 $81 961 $aCaspani Maurizio - Lascito 996 $6020$a978-88-97765-04-2$9(OLS)http://semarc/number/305714 996 $6245$aProcessi per fede e sortilegi nella Valle D'Aosta del Quattrocento$9(OLS)http://semarc/title/459309 996 $6264$aAosta :$bTipografia Valdostana$9(OLS)http://semarc/publisher/42587